| 000 | 00352nam a2200133Ia 4500 | ||
|---|---|---|---|
| 008 | 211109s9999||||xx |||||||||||||| ||und|| | ||
| 082 |
_a540 _bWYL-C |
||
| 100 | _aWyld, Henry Cecil | ||
| 245 | 0 | _aChemistry of the Elements | |
| 260 |
_bPearson _aNew York _c2000 |
||
| 630 | _xPOST GRADUATE REFERENCE | ||
| 650 |
_aNatural Sciences _xChemistry |
||
| 942 | _cBOOK | ||
| 999 |
_c176 _d176 |
||